Dictionary of insurance and finance terms / (Record no. 8503)

MARC details
000 -LEADER
fixed length control field 00536pam a2200181 a 4500
020 ## - INTERNATIONAL STANDARD BOOK NUMBER
ISBN 0852974949
050 00 - CALL NUMBER
Classification number HG8025
Item number .D56
245 00 - TITLE
Title Dictionary of insurance and finance terms /
Statement of responsibility, etc series editor, John Clark.
260 ## - PUBLICATION INFORMATION
Place of publication Canterbury, Kent, United Kingdom :
Name of publisher Chartered institute Pub.,
Year of publication 2001.
300 ## - DESCRIPTION
Number of Pages 342 p. ;
Dimensions 21 cm.
650 #0 - SUBJECTS
Topical Term Insurance
650 #0 - SUBJECTS
Topical Term International finance
650 #0 - SUBJECTS
Topical Term Finance
700 1# - OTHER AUTHORS
Personal name Clark, John Owen Edward.
710 2# - OTHER AUTHORS
OTHER AUTHORS Financial World Publishing.
942 ## - ADDED ENTRY ELEMENTS (KOHA)
Koha item type Books
Holdings
Withdrawn status Lost status Collection code Home library Current library Shelving location Date acquired Full call number Accession Number Koha item type
    Reference Methodist University Library Main Methodist University Library Main General Stacks 25/09/2004 HG8025 .D56 26418 Books
Copyright © 2026  MUG Library